[Event "Mont de Marsan op 6th"]
[Site "Mont de Marsan"]
[Date "2006.12.29"]
[Round "7"]
[White "Belingard, Andre"]
[Black "Michaud, Stephane"]
[Result "0-1"]
[WhiteElo "1670"]
[BlackElo "1800"]
[PlyCount "86"]
[EventDate "2006.12.26"]
[EventType "swiss"]
[EventRounds "9"]
[EventCountry "FRA"]
[SourceTitle "CBM 116 Extra"]
[Source "ChessBase"]
[SourceDate "2007.03.07"]
[SourceVersion "1"]
[SourceVersionDate "2007.03.07"]
[SourceQuality "1"]

1. f4 d5 2. Nf3 Bg4 3. e3 e6 4. Be2 Bxf3 5. Bxf3 Qh4+ 6. g3 Qd8 7. b3 Nf6 8. Bb2 c5 9. Qe2 Nc6 10. d3 Be7 11. Nd2 Nb4 12. Qd1 Qb6 13. a3 Nc6 14. Ke2 Rc8 15. Rb1 0-0 16. g4 Rfe8 17. g5 Nd7 18. h4 e5 19. f5 e4 20. dxe4 d4 21. f6 gxf6 22. Nc4 Qc7 23. gxf6 Bxf6 24. Qg1+ Kf8 25. h5 b5 26. Nd2 Nce5 27. Ba1 Qd6 28. Rd1 d3+ 29. cxd3 Qxd3+ 30. Kf2 Qc2 31. Kg3 Ke7 32. Kh3 Nxf3 33. Nxf3 Qxe4 34. Bxf6+ Nxf6 35. Qg3 Qf5+ 36. Kh2 Ng4+ 37. Kg1 Red8 38. Re1 Rg8 39. e4 Qf6 40. Qh4 Ne5+ 41. Kf1 Nxf3 42. Qxf6+ Kxf6 43. Rh3 Rg1+ 0-1